Click the Left Driving Countries (Picture Click) Quiz Stats

 Plays Quiz not verified by Sporcle

Score 0/54 Timer 06:00
0 Plays Today
% Correct
UK
95.8%
Australia
94.2%
India
89.7%
New Zealand
85.2%
South Africa
84.1%
Ireland
82.5%
Zimbabwe
77.5%
Botswana
77.1%
Pakistan
76.1%
Tanzania
75.6%
Papua New Guinea
75.4%
Zambia
75%
Kenya
74%
Bangladesh
73.5%
Malaysia
72.3%
Namibia
71.9%
Indonesia
70.3%
Mozambique
67%
Uganda
65.8%
Fiji
65.7%
Lesotho
65.2%
Tuvalu
64.9%
Tonga
64.9%
Japan
64.9%
Nepal
63.8%
Thailand
62.8%
Kiribati
62%
% Correct
Samoa
62%
Eswatini
61.6%
Malawi
61%
Solomon Islands
59.6%
Nauru
59.2%
Singapore
56.5%
Sri Lanka
56.2%
St. Vincent
55.3%
Trinidad and Tobago
53.1%
Dominica
52.8%
Maldives
51.6%
Bhutan
51.3%
Grenada
51.1%
Barbados
49.9%
Antigua and Barbuda
49.8%
St. Lucia
49.6%
St. Kitts and Nevis
48.7%
Jamaica
46.8%
Seychelles
46.4%
Bahamas
45.4%
Mauritius
43.9%
Guyana
36.3%
Malta
32.4%
Cyprus
31.8%
Brunei
29.3%
Suriname
27.8%
Timor-Leste
21.1%

You're not logged in!

Compare scores with friends on all Sporcle quizzes.
OR
Log In

You Might Also Like...

Show Comments

Extras

Top Quizzes Today


Score Distribution

Your Account Isn't Verified!

In order to create a playlist on Sporcle, you need to verify the email address you used during registration. Go to your Sporcle Settings to finish the process.

Report this User

Report this user for behavior that violates our Community Guidelines.

Details: